| 000 | 01080nam a22003257a 4500 | ||
|---|---|---|---|
| 001 | BR0205433 | ||
| 003 | BR-BrBNA | ||
| 005 | 20230928101203.0 | ||
| 007 | ta | ||
| 008 | 230509b bl.||||| |||| 00| 0 por d | ||
| 040 |
_aBR-BrBNA _bpor _cBiblioteca Nacional de Agricultura |
||
| 041 | _a(Por) | ||
| 072 |
_aH10; F30; F60 _b0230 _b4020 |
||
| 090 | _ 0230 BR0205433 | ||
| 100 | 1 | _aLopes, F.C. da C. | |
| 110 | 1 |
_aEscola Superior de Agricultura Luiz de Queiroz, Piracicaba, SP (Brasil) _0Tese (Mestre em Agronomia) |
|
| 245 | 1 | _aCaracterização da atividade proteinásica digestiva de Sphenophorus levis (Coleoptera: Curculionidae)e sua sensibilidade à chagasina | |
| 260 | 3 |
_aPiracicaba, SP (Brasil): _c2002. |
|
| 300 | _a58 p. | ||
| 500 | _aSummaries (Eng, Por); Bibliography p. 46-58; 19 illus. | ||
| 650 | _aCANA DE AÇÚCAR | ||
| 650 | _aCOLEOPTERO | ||
| 650 | _aINSETO | ||
| 650 | _aGORGULHO | ||
| 650 | _aATIVIDADE ENZÍMICA | ||
| 650 | _aPLANTA TRANSGÊNICA | ||
| 650 | _aRESISTÊNCIA GENÉTICA | ||
| 909 |
_a202309 _bLucia _c55 _dLucia Elande |
||
| 942 | _cBK | ||
| 999 |
_c64635 _d64635 |
||